The World almanac and book of facts. (Record no. 29884)

MARC details
000 -LEADER
fixed length control field 01306cas a2200337 a 4500
005 - DATE AND TIME OF LATEST TRANSACTION
control field 20090827142945.0
008 - FIXED-LENGTH DATA ELEMENTS--GENERAL INFORMATION
fixed length control field 751101c19239999nyuar s 0 a0eng d
020 ## - INTERNATIONAL STANDARD BOOK NUMBER
International Standard Book Number 9781600571053
Terms of availability $12.99
037 ## - SOURCE OF ACQUISITION
Source of stock number/acquisition GDMK
040 ## - CATALOGING SOURCE
Original cataloging agency dpl
Language of cataloging English
082 ## - DEWEY DECIMAL CLASSIFICATION NUMBER
Classification number 317
210 ## - ABBREVIATED TITLE
Abbreviated title World alm. book facts
222 ## - KEY TITLE
Key title The World almanac & book of facts
245 ## - TITLE STATEMENT
Title The World almanac and book of facts.
246 ## - VARYING FORM OF TITLE
Title proper/short title World almanac & book of facts
260 ## - PUBLICATION, DISTRIBUTION, ETC. (IMPRINT)
Place of publication, distribution, etc New York
Name of publisher, distributor, etc World Almanac Books
Date of publication, distribution, etc 2009
270 ## - ADDRESS
Address 1, Readers Digest Road,Pleasantville
City New York
Postal code 10570-7000
300 ## - PHYSICAL DESCRIPTION
Extent 1008p.:
Other physical details ill., maps
Dimensions 22 cm.(pbk)
310 ## - CURRENT PUBLICATION FREQUENCY
Current publication frequency Annual
362 ## - DATES OF PUBLICATION AND/OR SEQUENTIAL DESIGNATION
Dates of publication and/or sequential designation 1923-
500 ## - GENERAL NOTE
General note At head of title: The World.
500 ## - GENERAL NOTE
General note Imprint varies: Mahwah, N.J. : World Almanac Books, <1997->; New York, NY, <2002->; published by World Almanac Education Group, <2007->
500 ## - GENERAL NOTE
General note Latest issue consulted: 2007.
580 ## - LINKING ENTRY COMPLEXITY NOTE
Linking entry complexity note Vol. for 1997 accompanied by the CD-ROM: Multimedia world factbook, which is also issued separately.
590 ## - LOCAL NOTE (RLIN)
Local note SERBIB/SERLOC merged record
650 ## - SUBJECT ADDED ENTRY--TOPICAL TERM
Topical term or geographic name as entry element Almanacs, American.
650 ## - SUBJECT ADDED ENTRY--TOPICAL TERM
Topical term or geographic name as entry element Statistics
Form subdivision Periodicals.
942 ## - ADDED ENTRY ELEMENTS (KOHA)
Source of classification or shelving scheme Dewey Decimal Classification
Item type English Books
Classification part 317
Call number suffix WOR

No items available.


© Delhi Public Library
Hit Counter
free hit counter